|
|
|
|
| LEADER |
00000nab a2200000 a 4500 |
| 001 |
vtls000796947 |
| 003 |
SK-MaSNL |
| 005 |
20260304125148.0 |
| 008 |
250429c2001 xo 0 slo |
| 015 |
|
|
|a SNBRB2002/06-18750
|
| 035 |
|
|
|a CLN000148602
|
| 035 |
|
|
|a urn:nbn:sk:snk-abo0l
|
| 035 |
|
|
|a (urnnbn)urn:nbn:sk:snk:ar-a06jth
|
| 035 |
|
|
|a (uuid)f987487e-5ca8-4dc6-b4a1-f031c99e287a
|
| 040 |
|
|
|a SNKBUCL
|b slo
|c SNKBUCL
|e AACR2
|
| 041 |
0 |
|
|a slo
|
| 044 |
|
|
|a xo
|c SK
|
| 080 |
|
|
|a 631.432
|2 1997
|
| 080 |
|
|
|a 556.3
|2 1997
|
| 100 |
1 |
|
|a Orfánus, Tomáš
|4 aut
|9 23010
|
| 245 |
1 |
0 |
|a Problematika priestorovej interpretácie vlhkostných pomerov zóny aerácie pôdy
|c Tomáš Orfánus
|
| 300 |
|
|
|b Grafy, tab.
|
| 504 |
|
|
|a Res. angl.
|
| 504 |
|
|
|a Bibliogr. odkazy
|
| 650 |
0 |
7 |
|a pôda
|x zóna aerácie
|x vlhkosť
|x interpretácia priestorová
|2 snkbucl
|9 1437405
|
| 650 |
0 |
7 |
|a pôdna vlhkosť
|2 snkbucl
|9 70261
|
| 655 |
|
7 |
|a články z novín a časopisov
|2 snkbucl
|9 267496
|
| 773 |
0 |
|
|t Acta hydrologica slovaca
|g Roč. 2, č. 2 (2001), s. 191-197
|x 1335-6291
|
| 850 |
|
|
|a Slovenská národná knižnica
|
| 852 |
|
|
|a Slovenská národná knižnica
|
| 954 |
|
|
|a odborná, vedecká literatúra pôvodná (slovenská)
|2 lita
|
| 958 |
|
|
|a article27
|
| 958 |
|
|
|a NB
|
| 958 |
|
|
|a OND
|
| 958 |
|
|
|a EUIPO
|
| 999 |
|
|
|c 2893313
|d 2895243
|